Statistics for Top 10 of the countries with the highest consummation of coffee

Click here to take the quiz!

General Stats

  • This quiz has been taken 13 times
  • The average score is 6 of 10

Answer Stats

HintAnswer% Correct
n°10Italy
83%
n°7Brazil
75%
n°6Canada
67%
n°8Germany
67%
n°1Finland
58%
n°9Belgium
50%
n°2Netherlands
50%
n°4Norway
50%
n°3Sweden
50%
n°5Lebanon
17%

Score Distribution

Percentile by Number Answered

Percent of People with Each Score

Your Score History

You have not taken this quiz